[Event "Nordic Youth CC 2020 - U15"]
[Site "Fredericia"]
[Date "2020.02.14"]
[Round "1.13"]
[White "Apol, Luitjen Akselsson"]
[Black "Abdrlauf, Elham"]
[Result "0-1"]
[WhiteElo "2039"]
[BlackElo "2381"]
[PlyCount "204"]
[EventDate "2020.02.??"]
[EventType "swiss"]
[EventRounds "6"]
[EventCountry "DEN"]

1. e4 c6 2. d4 d5 3. Nc3 dxe4 4. Nxe4 Nf6 5. Nxf6+ exf6 6. Bc4 Bd6 7. Qe2+ Be7
8. c3 O-O 9. Qc2 Re8 10. Ne2 Bd6 11. Be3 Nd7 12. O-O-O Nf8 13. Kb1 b5 14. Bd3
Be6 15. Ng3 Bd5 16. Nf5 Bc7 17. h4 g6 18. Nh6+ Kg7 19. h5 Qd7 20. hxg6 fxg6 21.
Rh4 Kh8 22. Ng4 Qe6 23. b3 g5 24. Rh6 Qxg4 25. Rdh1 Bd8 26. f3 Qe6 27. Bxg5
fxg5 28. Rxe6 Bxe6 29. Bxh7 Kg7 30. g3 Bf6 31. Qh2 Kf7 32. Be4 Rac8 33. Re1 b4
34. Qh5+ Ke7 35. Bf5 Kd6 36. Bxe6 Nxe6 37. Qf7 Bh8 38. cxb4 Bxd4 39. Rd1 Rcd8
40. Qxa7 Ke5 41. Re1+ Kf6 42. Qh7 Rh8 43. Qe4 Rd6 44. g4 Rh2 45. Qf5+ Ke7 46.
Qxg5+ Bf6 47. Qa5 Kf7 48. Qa7+ Kg6 49. Qe3 Rb2+ 50. Kc1 Rxa2 51. Qxe6 Rxe6 52.
Rxe6 Ra6 53. b5 Ra1+ 54. Kc2 cxb5 55. Rb6 Rf1 56. Rxb5 Rxf3 57. b4 Rc3+ 58. Kd2
Rg3 59. Rb7 Rxg4 60. Kc2 Rg3 61. b5 Kf5 62. Rc7 Rg2+ 63. Kd3 Rb2 64. Rc5+ Ke6
65. Rc6+ Ke7 66. Kc4 Be5 67. Kd5 Bd6 68. Kc4 Rb4+ 69. Kd3 Rxb5 70. Ra6 Rh5 71.
Ke3 Ke6 72. Ra4 Rh3+ 73. Ke2 Kf5 74. Rc4 Be5 75. Ra4 Bf4 76. Ra8 Be5 77. Ra4
Ke6 78. Rc4 Kd5 79. Rg4 Ra3 80. Rh4 Bd4 81. Rh7 Ra2+ 82. Kd3 Ra3+ 83. Ke2 Bf6
84. Rh6 Be5 85. Rh4 Bd4 86. Rh7 Kc4 87. Rc7+ Bc5 88. Rh7 Ra2+ 89. Kf3 Kd3 90.
Rb7 Rf2+ 91. Kg3 Rf8 92. Rb1 Ke4 93. Re1+ Be3 94. Rb1 Rg8+ 95. Kh4 Bf4 96. Rb5
Be5 97. Kh3 Rg3+ 98. Kh4 Kf4 99. Rb4+ Kf5 100. Rb7 Rc3 101. Rb5 Ra3 102. Rc5
Ra2 0-1

[Event "Nordic Youth CC 2020 - U15"]
[Site "Fredericia"]
[Date "2020.02.14"]
[Round "1.14"]
[White "Rasti, Arvin"]
[Black "Vainikka, Toni"]
[Result "1/2-1/2"]
[WhiteElo "2237"]
[BlackElo "1923"]
[PlyCount "49"]
[EventDate "2020.02.??"]
[EventType "swiss"]
[EventRounds "6"]
[EventCountry "DEN"]

1. d4 d5 2. Nf3 Nf6 3. c4 dxc4 4. e3 e6 5. Bxc4 c5 6. O-O a6 7. a4 Nc6 8. Qe2
cxd4 9. Rd1 Be7 10. exd4 Nd5 11. Nc3 O-O 12. Qe4 Ncb4 13. Ne5 b6 14. Bd2 Bb7
15. Qg4 Nf6 16. Qg3 Re8 17. Bh6 Bf8 18. Bg5 Be7 19. Rac1 Rc8 20. Re1 Nfd5 21.
Bh6 Bf8 22. Be2 f6 23. Nd3 Nxc3 24. bxc3 Na2 25. Nf4 1/2-1/2

[Event "Nordic Youth CC 2020 - U15"]
[Site "Fredericia"]
[Date "2020.02.14"]
[Round "1.15"]
[White "Briem, Benedikt"]
[Black "Wernberg, Hugo"]
[Result "1/2-1/2"]
[WhiteElo "1841"]
[BlackElo "2179"]
[PlyCount "230"]
[EventDate "2020.02.??"]
[EventType "swiss"]
[EventRounds "6"]
[EventCountry "DEN"]

1. d4 d5 2. c4 c6 3. Nc3 Nf6 4. cxd5 cxd5 5. f3 Qb6 6. e4 dxe4 7. fxe4 e5 8.
Bb5+ Nc6 9. d5 Bb4 10. Qd3 a6 11. Ba4 Qa5 12. Bd1 Nd4 13. Nge2 Bg4 14. O-O Bxe2
15. Nxe2 Qb5 16. Qxb5+ Nxb5 17. Ng3 Nd6 18. Bf3 Bc5+ 19. Kh1 Rc8 20. Re1 O-O
21. Bg5 Bf2 22. Re2 Bxg3 23. hxg3 Rc4 24. b3 Rc7 25. Rf1 h6 26. Bxf6 gxf6 27.
Bg4 Kg7 28. Rff2 Re8 29. Kh2 Ree7 30. Bf5 Rc3 31. g4 Rec7 32. Rf3 Rc1 33. Kg3
a5 34. Rd3 b5 35. Kf2 b4 36. Ke3 Kf8 37. Red2 Ke7 38. Ke2 R7c3 39. Rxc3 bxc3
40. Rd1 Rc2+ 41. Kd3 Rxa2 42. Kxc3 Nb5+ 43. Kc4 Nd4 44. Rc1 Rxg2 45. Rc3 Rb2
46. Rh3 Rc2+ 47. Kd3 Rc5 48. Rxh6 Nxb3 49. g5 a4 50. Rxf6 Ke8 51. d6 Rc1 52.
d7+ Ke7 53. Ke2 Rc2+ 54. Kd3 Rd2+ 55. Kc3 Rd4 56. Rc6 Nd2 57. Rc8 Nxe4+ 58.
Bxe4 Rxd7 59. Rc4 a3 60. Kb3 Ra7 61. Bb1 Kf8 62. Re4 Ra5 63. Ba2 Kg7 64. Kb4
Ra7 65. Rxe5 f6 66. gxf6+ Kxf6 67. Re1 Kg5 68. Ra1 Kf4 69. Bb3 a2 70. Ba4 Rb7+
71. Ka3 Ke3 72. Rxa2 Rb8 73. Rh2 Kd4 74. Rh5 Rb6 75. Bb3 Kc3 76. Rc5+ Kd4 77.
Rc8 Ra6+ 78. Kb2 Rh6 79. Rd8+ Ke5 80. Kc3 Rc6+ 81. Bc4 Rd6 82. Re8+ Kf4 83. Bd3
Rb6 84. Rd8 Ke5 85. Bc4 Rd6 86. Re8+ Kf4 87. Re1 Rd8 88. Kb4 Rc8 89. Kc3 Rd8
90. Re7 Rd6 91. Bd3 Rb6 92. Bc4 Rd6 93. Kb4 Rc6 94. Kb5 Rc8 95. Re1 Rc7 96. Bd5
Rc3 97. Bc4 Re3 98. Rd1 Re5+ 99. Bd5 Re3 100. Kc4 Ke5 101. Kc5 Rc3+ 102. Bc4
Re3 103. Rd8 Re4 104. Bd5 Re3 105. Bc4 Re4 106. Re8+ Kf4 107. Rh8 Ke3 108. Kd5
Rd4+ 109. Kc5 Re4 110. Bd5 Rg4 111. Rh3+ Kf4 112. Rf3+ Ke5 113. Re3+ Kf4 114.
Re8 Rg1 115. Bc4 Rd1 1/2-1/2

[Event "Nordic Youth CC 2020 - U15"]
[Site "Fredericia"]
[Date "2020.02.14"]
[Round "1.16"]
[White "Keso, Elias"]
[Black "Nielsen, Jon I Horni"]
[Result "1-0"]
[WhiteElo "2177"]
[BlackElo "1765"]
[PlyCount "49"]
[EventDate "2020.02.??"]
[EventType "swiss"]
[EventRounds "6"]
[EventCountry "DEN"]

1. Nf3 d5 2. g3 Nf6 3. Bg2 e6 4. O-O Be7 5. d3 O-O 6. Nbd2 b6 7. e4 Bb7 8. e5
Nfd7 9. Re1 c5 10. h4 Nc6 11. Nf1 Qc7 12. Bf4 d4 13. a3 b5 14. N1h2 Nb6 15. Ng5
h6 16. Ne4 Nd5 17. Nf6+ Bxf6 18. Bxd5 Bxh4 19. Be4 Bg5 20. Bxg5 hxg5 21. Qh5 f5
22. exf6 gxf6 23. Ng4 Nd8 24. Bg6 Qg7 25. Nh6+ 1-0

[Event "Nordic Youth CC 2020 - U15"]
[Site "Fredericia"]
[Date "2020.02.14"]
[Round "1.17"]
[White "Veiergang, Oscar Jacob"]
[Black "Unneland, Mathias"]
[Result "0-1"]
[WhiteElo "1707"]
[BlackElo "2175"]
[PlyCount "80"]
[EventDate "2020.02.??"]
[EventType "swiss"]
[EventRounds "6"]
[EventCountry "DEN"]

1. d4 Nf6 2. c4 e6 3. Nc3 Bb4 4. Bd2 c5 5. e3 cxd4 6. exd4 b6 7. Be2 O-O 8. Bf3
d5 9. Nge2 Bb7 10. O-O Nbd7 11. Qb3 Bxc3 12. Qxc3 Rc8 13. Qa3 e5 14. Bg5 Rxc4
15. Qxa7 Qc7 16. Rac1 e4 17. Bf4 Qc8 18. b3 Rc3 19. Rc2 Rxc2 20. Re1 Rc1 21.
Rxc1 Qa8 22. Qxa8 Rxa8 23. Rc7 exf3 24. gxf3 Ba6 25. Ng3 Nf8 26. Rc6 Ne6 27.
Be5 Nd7 28. f4 Nxe5 29. dxe5 Nxf4 30. Rxb6 d4 31. Rd6 d3 32. Ne4 Ne6 33. a4 Bb7
34. Nc3 Nf4 35. Kf1 Ng6 36. e6 fxe6 37. Ke1 Ne5 38. Kd2 Rf8 39. Nd1 Bd5 40. b4
Nc4+ 0-1

[Event "Nordic Youth CC 2020 - U15"]
[Site "Fredericia"]
[Date "2020.02.14"]
[Round "1.18"]
[White "Liu, Casper Yukun"]
[Black "Thorisson, Benedikt"]
[Result "1-0"]
[WhiteElo "2123"]
[BlackElo "1653"]
[PlyCount "59"]
[EventDate "2020.02.??"]
[EventType "swiss"]
[EventRounds "6"]
[EventCountry "DEN"]

1. d4 Nf6 2. Bf4 e6 3. e3 d5 4. Nd2 Bd6 5. Bg3 O-O 6. c4 b6 7. Ngf3 Bb7 8. Rc1
Qe7 9. Bxd6 Qxd6 10. c5 Qe7 11. Ne5 c6 12. Bd3 Nbd7 13. cxb6 Nxe5 14. dxe5 Nd7
15. bxa7 Nxe5 16. Bxh7+ Kxh7 17. Qh5+ Kg8 18. Qxe5 Rxa7 19. a3 Rc8 20. O-O Ba6
21. Rfe1 Rb7 22. b4 c5 23. Nb3 c4 24. Nc5 Ra7 25. e4 dxe4 26. Rxe4 Bb5 27. Rg4
g6 28. Ne4 Ba6 29. Nf6+ Kf8 30. Rh4 1-0

[Event "Nordic Youth CC 2020 - U15"]
[Site "Fredericia"]
[Date "2020.02.14"]
[Round "2.13"]
[White "Abdrlauf, Elham"]
[Black "Liu, Casper Yukun"]
[Result "1-0"]
[WhiteElo "2381"]
[BlackElo "2123"]
[PlyCount "49"]
[EventDate "2020.02.??"]
[EventType "swiss"]
[EventRounds "6"]
[EventCountry "DEN"]

1. e4 c5 2. Nf3 d6 3. d4 Nf6 4. Nc3 cxd4 5. Nxd4 Nc6 6. f3 e5 7. Nb3 Be6 8. Be3
Be7 9. Qd2 O-O 10. O-O-O a5 11. Bb5 Rc8 12. Kb1 Qc7 13. g4 d5 14. Nxd5 Bxd5 15.
exd5 Rfd8 16. c4 a4 17. Bxa4 Nb4 18. Bb5 Nfxd5 19. cxd5 Rxd5 20. Rc1 Qd8 21.
Rxc8 Qxc8 22. Qe2 Rxb5 23. Qxb5 Qc2+ 24. Ka1 Qg2 25. Rc1 1-0

[Event "Nordic Youth CC 2020 - U15"]
[Site "Fredericia"]
[Date "2020.02.14"]
[Round "2.14"]
[White "Unneland, Mathias"]
[Black "Keso, Elias"]
[Result "0-1"]
[WhiteElo "2175"]
[BlackElo "2177"]
[PlyCount "56"]
[EventDate "2020.02.??"]
[EventType "swiss"]
[EventRounds "6"]
[EventCountry "DEN"]

1. d4 Nf6 2. c4 g6 3. Nc3 Bg7 4. e4 d6 5. Nf3 O-O 6. Be2 Nbd7 7. O-O e5 8. Be3
c6 9. Qc2 Ng4 10. Bg5 f6 11. Bd2 f5 12. exf5 exd4 13. Ne4 gxf5 14. Nxd6 Nc5 15.
Nxc8 d3 16. Bxd3 Qxd3 17. Qxd3 Nxd3 18. Ne7+ Kh8 19. Nh4 Nxb2 20. Nexf5 Nxc4
21. Nxg7 Nxd2 22. Rfd1 Rxf2 23. Ngf5 Ne4 24. Rd7 b6 25. Rad1 Rg8 26. h3 Ne5 27.
Re7 Nf3+ 28. Kh1 Rfxg2 0-1

[Event "Nordic Youth CC 2020 - U15"]
[Site "Fredericia"]
[Date "2020.02.14"]
[Round "2.15"]
[White "Wernberg, Hugo"]
[Black "Rasti, Arvin"]
[Result "1-0"]
[WhiteElo "2179"]
[BlackElo "2237"]
[PlyCount "83"]
[EventDate "2020.02.??"]
[EventType "swiss"]
[EventRounds "6"]
[EventCountry "DEN"]

1. e4 c5 2. Nf3 d6 3. d4 cxd4 4. Nxd4 Nf6 5. Nc3 g6 6. Be3 Bg7 7. f3 O-O 8. Qd2
Nc6 9. O-O-O d5 10. Qe1 e5 11. Nxc6 bxc6 12. exd5 Nxd5 13. Bc4 Be6 14. Kb1 Rb8
15. Ne4 Qc7 16. Bc5 Rfd8 17. Bb3 h6 18. c4 Bf5 19. cxd5 cxd5 20. Rc1 g5 21. Bf8
Qb7 22. Bxg7 Kxg7 23. Qa5 Qb6 24. Qxb6 axb6 25. Rc7 dxe4 26. Rxf7+ Kg6 27. g4
Bd7 28. fxe4 Bxg4 29. Rhf1 Be2 30. R1f6+ Kh5 31. Rh7 Bd3+ 32. Ka1 Bxe4 33.
Rhxh6+ Kg4 34. Be6+ Bf5 35. Bxf5+ Kf4 36. Bb1+ Ke3 37. Rh3+ Ke2 38. Rf5 e4 39.
Re5 Re8 40. Rxe4+ Rxe4 41. Bxe4 Rh8 42. Rxh8 1-0

[Event "Nordic Youth CC 2020 - U15"]
[Site "Fredericia"]
[Date "2020.02.14"]
[Round "2.16"]
[White "Vainikka, Toni"]
[Black "Briem, Benedikt"]
[Result "0-1"]
[WhiteElo "1923"]
[BlackElo "1841"]
[PlyCount "78"]
[EventDate "2020.02.??"]
[EventType "swiss"]
[EventRounds "6"]
[EventCountry "DEN"]

1. d4 Nf6 2. c4 e6 3. Nf3 Bb4+ 4. Bd2 a5 5. Nc3 Nc6 6. Qc2 d6 7. a3 Bxc3 8.
Bxc3 Qe7 9. e4 e5 10. d5 Nb8 11. b4 axb4 12. axb4 Rxa1+ 13. Bxa1 O-O 14. Bd3 g6
15. O-O Nh5 16. Rc1 Nf4 17. Bf1 f5 18. c5 fxe4 19. Qxe4 Bf5 20. Qc4 Bg4 21. Nd2
Qf7 22. Ne4 Bf5 23. cxd6 Bxe4 24. Qxe4 cxd6 25. g3 Nh5 26. Rc2 Nd7 27. Bh3 Ng7
28. Qd3 Nf6 29. Bg2 Qd7 30. Bb2 Qd8 31. Bc1 Qb6 32. Qc4 Nf5 33. b5 h5 34. Bd2
Ng4 35. Be1 Nge3 36. fxe3 Nxe3 37. Qc7 Qd4 38. Rf2 Rxf2 39. Kxf2 Nxd5+ 0-1

[Event "Nordic Youth CC 2020 - U15"]
[Site "Fredericia"]
[Date "2020.02.14"]
[Round "2.17"]
[White "Thorisson, Benedikt"]
[Black "Apol, Luitjen Akselsson"]
[Result "0-1"]
[WhiteElo "1653"]
[BlackElo "2039"]
[PlyCount "54"]
[EventDate "2020.02.??"]
[EventType "swiss"]
[EventRounds "6"]
[EventCountry "DEN"]

1. e4 c5 2. Nf3 d6 3. d4 cxd4 4. Nxd4 Nf6 5. Nc3 a6 6. f3 e5 7. Nb3 Be6 8. Be3
Nbd7 9. Qd2 b5 10. O-O-O Nb6 11. Kb1 Be7 12. g4 b4 13. Bxb6 Qxb6 14. Nd5 Bxd5
15. exd5 O-O 16. h4 a5 17. h5 h6 18. g5 hxg5 19. Qxg5 Nxd5 20. Qg3 a4 21. Rg1
Bf6 22. Nd2 Nc3+ 23. bxc3 bxc3+ 24. Nb3 axb3 25. cxb3 Rxa2 26. Kxa2 Ra8+ 27.
Kb1 Qxb3+ 0-1

[Event "Nordic Youth CC 2020 - U15"]
[Site "Fredericia"]
[Date "2020.02.14"]
[Round "2.18"]
[White "Nielsen, Jon I Horni"]
[Black "Veiergang, Oscar Jacob"]
[Result "1/2-1/2"]
[WhiteElo "1765"]
[BlackElo "1707"]
[PlyCount "80"]
[EventDate "2020.02.??"]
[EventType "swiss"]
[EventRounds "6"]
[EventCountry "DEN"]

1. e4 g6 2. Nf3 Bg7 3. d4 d6 4. Be2 Nd7 5. O-O c5 6. c3 b6 7. Be3 Ngf6 8. Qc2
Bb7 9. Nbd2 e6 10. e5 dxe5 11. dxe5 Nd5 12. Nc4 O-O 13. Rad1 Qc7 14. Nd6 Nxe5
15. Nxb7 Qxb7 16. Nxe5 Bxe5 17. Bf3 Qc7 18. Bxd5 exd5 19. f4 d4 20. cxd4 cxd4
21. Qxc7 Bxc7 22. Rxd4 Rad8 23. Rfd1 Rfe8 24. Kf2 f5 25. g3 Rxd4 26. Rxd4 Rd8
27. Ke2 Kf7 28. Rxd8 Bxd8 29. Kd3 Ke6 30. Kc4 a6 31. a4 Kd6 32. b4 Kc6 33. b5+
axb5+ 34. axb5+ Kd6 35. Bd4 Bc7 36. Be5+ Kd7 37. Kd5 Bd8 38. h4 Be7 39. Bd4 Bd8
40. Ke5 Ke7 1/2-1/2

[Event "Nordic Youth CC 2020 - U15"]
[Site "Fredericia"]
[Date "2020.02.15"]
[Round "3.13"]
[White "Keso, Elias"]
[Black "Abdrlauf, Elham"]
[Result "1-0"]
[WhiteElo "2177"]
[BlackElo "2381"]
[PlyCount "167"]
[EventDate "2020.02.??"]
[EventType "swiss"]
[EventRounds "6"]
[EventCountry "DEN"]

1. e4 c6 2. d4 d5 3. exd5 cxd5 4. Bd3 Nf6 5. c3 g6 6. Nf3 Bg7 7. Bf4 O-O 8. O-O
Bf5 9. Bxf5 gxf5 10. Nbd2 e6 11. Ne5 Nc6 12. Nd3 Re8 13. Re1 Ne4 14. Qh5 Qf6
15. f3 Nxd2 16. Bxd2 Kh8 17. b4 a6 18. a4 Nxd4 19. Ne5 Nc6 20. Bg5 Qxe5 21.
Rxe5 Nxe5 22. Be3 Ng6 23. Bd4 Rac8 24. h4 Rc4 25. Rd1 Bxd4+ 26. Rxd4 Rxd4 27.
cxd4 Kg7 28. Qg5 h5 29. Qc1 f6 30. g3 Re7 31. Qc5 Kf7 32. f4 Rd7 33. Kf2 Ne7
34. b5 axb5 35. axb5 Kg7 36. Ke2 Kf7 37. Kd2 Kg7 38. Kc3 Kf7 39. Kb4 Kg7 40.
Qc2 Kf7 41. Qe2 Kg6 42. Qxe6 Rc7 43. Qd6 Rc4+ 44. Kb3 Kf7 45. Qb6 Nc8 46. Qxb7+
Ke6 47. b6 Nd6 48. Qa8 Rc1 49. Kb2 Rc4 50. Ka3 Rc3+ 51. Ka4 Rc1 52. Qg8+ Ke7
53. Qh7+ Ke6 54. Qxh5 Ra1+ 55. Kb3 Rb1+ 56. Kc2 Rxb6 57. Qg6 Rc6+ 58. Kd3 Ne4
59. h5 Rc3+ 60. Ke2 Nxg3+ 61. Kd2 Ne4+ 62. Ke1 Nd6 63. Qg8+ Ke7 64. Qxd5 Rh3
65. Qg2 Rh4 66. Qf3 Ne4 67. Qa3+ Ke6 68. Qb3+ Ke7 69. Qb7+ Kd6 70. d5 Kc5 71.
Qc6+ Kd4 72. d6 Kd3 73. Qa6+ Ke3 74. Qe2+ Kxf4 75. Qf1+ Ke5 76. d7 Ng3 77. Qb5+
Kf4 78. d8=Q Rh1+ 79. Kd2 Ne4+ 80. Kc2 Rxh5 81. Qc7+ Kg5 82. Qbb8 Rh6 83. Qf4+
Kg6 84. Qg8+ 1-0

[Event "Nordic Youth CC 2020 - U15"]
[Site "Fredericia"]
[Date "2020.02.15"]
[Round "3.14"]
[White "Liu, Casper Yukun"]
[Black "Wernberg, Hugo"]
[Result "1-0"]
[WhiteElo "2123"]
[BlackElo "2179"]
[PlyCount "63"]
[EventDate "2020.02.??"]
[EventType "swiss"]
[EventRounds "6"]
[EventCountry "DEN"]

1. d4 d5 2. Bf4 c5 3. e3 cxd4 4. exd4 Nc6 5. c3 f6 6. Nf3 g5 7. Be3 Bf5 8. Bd3
Nh6 9. h4 Bxd3 10. Qxd3 g4 11. Nh2 Qd7 12. Nd2 Nf5 13. Nxg4 Rg8 14. Qe2 O-O-O
15. Nb3 b6 16. g3 Nxg3 17. fxg3 Rxg4 18. a4 Qe6 19. Kd2 Rxg3 20. Rae1 Qd7 21.
a5 e5 22. axb6 exd4 23. Bf4 dxc3+ 24. bxc3 Rg7 25. bxa7 Qxa7 26. Ra1 Qb6 27.
Rhb1 Bb4 28. Ra6 Bxc3+ 29. Kxc3 Qb4+ 30. Kb2 Nd4 31. Ra8+ Kb7 32. Qa6# 1-0

[Event "Nordic Youth CC 2020 - U15"]
[Site "Fredericia"]
[Date "2020.02.15"]
[Round "3.15"]
[White "Briem, Benedikt"]
[Black "Unneland, Mathias"]
[Result "0-1"]
[WhiteElo "1841"]
[BlackElo "2175"]
[PlyCount "72"]
[EventDate "2020.02.??"]
[EventType "swiss"]
[EventRounds "6"]
[EventCountry "DEN"]

1. d4 Nf6 2. c4 e6 3. Nc3 Bb4 4. Qc2 O-O 5. Nf3 c5 6. dxc5 Na6 7. Bg5 h6 8. Bh4
g5 9. Bg3 Nxc5 10. Bd6 Re8 11. Bxc5 Bxc5 12. e3 d5 13. Rd1 Qa5 14. a3 Ne4 15.
Rc1 Be7 16. Bd3 Nxc3 17. Qxc3 Qxc3+ 18. Rxc3 Bf6 19. Rb3 dxc4 20. Bxc4 b6 21.
Bb5 Rd8 22. Ke2 Bb7 23. Rc1 Rac8 24. Rxc8 Rxc8 25. Ne1 Bd5 26. Rb4 a5 27. Rg4
Bxb2 28. a4 f5 29. Rg3 Bc4+ 30. Nd3 Bxb5 31. axb5 a4 32. Nxb2 Rc2+ 33. Kd3 Rxb2
34. f4 g4 35. Kc3 Rxb5 36. Kc2 Rb3 0-1

[Event "Nordic Youth CC 2020 - U15"]
[Site "Fredericia"]
[Date "2020.02.15"]
[Round "3.16"]
[White "Apol, Luitjen Akselsson"]
[Black "Nielsen, Jon I Horni"]
[Result "1-0"]
[WhiteElo "2039"]
[BlackElo "1765"]
[PlyCount "57"]
[EventDate "2020.02.??"]
[EventType "swiss"]
[EventRounds "6"]
[EventCountry "DEN"]

1. e4 e5 2. Nf3 Nc6 3. Bb5 a6 4. Ba4 Nf6 5. O-O b5 6. Bb3 Bc5 7. d3 d6 8. c3
O-O 9. Nbd2 Re8 10. h3 Be6 11. Bc2 d5 12. exd5 Bxd5 13. Re1 Qd7 14. Nf1 Rad8
15. Bg5 Qd6 16. b4 Bb6 17. Ne3 Ne7 18. Bxf6 gxf6 19. Nh4 Bxe3 20. Rxe3 Kh8 21.
d4 Rg8 22. Qh5 e4 23. Bxe4 Bxe4 24. Rxe4 Rg5 25. Qxf7 Ng8 26. Rae1 Qc6 27. Re7
Nxe7 28. Rxe7 Rdg8 29. Qxh7# 1-0

[Event "Nordic Youth CC 2020 - U15"]
[Site "Fredericia"]
[Date "2020.02.15"]
[Round "3.17"]
[White "Veiergang, Oscar Jacob"]
[Black "Vainikka, Toni"]
[Result "0-1"]
[WhiteElo "1707"]
[BlackElo "1923"]
[PlyCount "114"]
[EventDate "2020.02.??"]
[EventType "swiss"]
[EventRounds "6"]
[EventCountry "DEN"]

1. e4 e5 2. f4 exf4 3. Nf3 g5 4. h4 g4 5. Ne5 h5 6. Bc4 Nh6 7. d4 d6 8. Nd3 Qe7
9. Nc3 c6 10. Qe2 f3 11. gxf3 gxf3 12. Qxf3 Bg4 13. Qf2 Nd7 14. Be3 Nb6 15. Bg5
Qd7 16. Bb3 Ng8 17. Rf1 Rh7 18. Kd2 Bh6 19. Bxh6 Nxh6 20. Qf6 Qe7 21. e5 Qxf6
22. Rxf6 d5 23. Nc5 Nd7 24. Nxd7 Kxd7 25. Ba4 Be6 26. Raf1 Rg8 27. R6f4 Rhg7
28. Ne2 Rg2 29. c3 Rh2 30. Bd1 Ng4 31. Rg1 Rxh4 32. Nc1 Rh2+ 33. Be2 Rh8 34.
Nd3 b6 35. Ne1 Rf2 36. Nf3 Nh2 37. Ke3 Nxf3 38. Kxf2 Nxg1 39. Kxg1 Rg8+ 40. Kh2
Rg5 41. b4 Bf5 42. a4 Ke6 43. c4 f6 44. exf6 dxc4 45. f7 Kxf7 46. Bxc4+ Kf6 47.
Bd3 Ke6 48. Bc4+ Kd6 49. Bb3 a5 50. b5 cxb5 51. axb5 Bd7 52. Rf6+ Kc7 53. Rf7
Kd8 54. Rf6 Rxb5 55. Bc4 Rb2+ 56. Kg3 b5 57. Rb6 Kc7 0-1

[Event "Nordic Youth CC 2020 - U15"]
[Site "Fredericia"]
[Date "2020.02.16"]
[Round "4.13"]
[White "Apol, Luitjen Akselsson"]
[Black "Keso, Elias"]
[Result "0-1"]
[WhiteElo "2039"]
[BlackElo "2177"]
[PlyCount "78"]
[EventDate "2020.02.??"]
[EventType "swiss"]
[EventRounds "6"]
[EventCountry "DEN"]

1. e4 c5 2. Nf3 Nc6 3. d4 cxd4 4. Nxd4 e5 5. Nb5 d6 6. N1c3 a6 7. Na3 Be7 8.
Nc4 b5 9. Ne3 Nf6 10. g3 h5 11. h3 Nd4 12. Bg2 Be6 13. Ncd5 Nxd5 14. Nxd5 Bxd5
15. exd5 b4 16. Be3 Nf5 17. Qd3 Nxe3 18. fxe3 O-O 19. O-O g6 20. e4 a5 21. h4
a4 22. Bf3 a3 23. b3 Rc8 24. Qe2 Rc3 25. Rad1 Qc7 26. Rd2 Rc8 27. Rf2 Bf8 28.
g4 hxg4 29. Bxg4 Bh6 30. Bxc8 Bxd2 31. Qxd2 Qxc8 32. Qg5 Rxc2 33. Rxc2 Qxc2 34.
Qd8+ Kg7 35. Qxd6 Qb1+ 36. Kf2 Qxa2+ 37. Kg3 Qxb3+ 38. Kg4 Qd1+ 39. Kg3 Qd3+
0-1

[Event "Nordic Youth CC 2020 - U15"]
[Site "Fredericia"]
[Date "2020.02.16"]
[Round "4.14"]
[White "Unneland, Mathias"]
[Black "Liu, Casper Yukun"]
[Result "1-0"]
[WhiteElo "2175"]
[BlackElo "2123"]
[PlyCount "65"]
[EventDate "2020.02.??"]
[EventType "swiss"]
[EventRounds "6"]
[EventCountry "DEN"]

1. d4 d5 2. c4 dxc4 3. Nf3 a6 4. e3 b5 5. a4 Bb7 6. b3 e6 7. bxc4 bxc4 8. Bxc4
Nf6 9. O-O Nbd7 10. a5 Be7 11. Qe2 c5 12. Rd1 O-O 13. Nbd2 cxd4 14. exd4 Nd5
15. Bb2 Bb4 16. Nb3 N7f6 17. Rdc1 Nf4 18. Qd1 Ng4 19. h3 Nh6 20. Ba3 Bxa3 21.
Rxa3 Nf5 22. Nc5 Bxf3 23. Rxf3 Qg5 24. Bf1 Rfd8 25. Nb3 Rab8 26. Rc5 Rb4 27.
Qc1 h5 28. g3 e5 29. Kh2 Nxd4 30. Nxd4 Rbxd4 31. Rxf4 Rd1 32. Qc4 Qe7 33. Rc7
1-0

[Event "Nordic Youth CC 2020 - U15"]
[Site "Fredericia"]
[Date "2020.02.16"]
[Round "4.15"]
[White "Abdrlauf, Elham"]
[Black "Briem, Benedikt"]
[Result "1-0"]
[WhiteElo "2381"]
[BlackElo "1841"]
[PlyCount "81"]
[EventDate "2020.02.??"]
[EventType "swiss"]
[EventRounds "6"]
[EventCountry "DEN"]

1. e4 e6 2. d4 d5 3. Nd2 c5 4. Ngf3 cxd4 5. exd5 Qxd5 6. Bc4 Qd8 7. O-O Nc6 8.
Nb3 a6 9. a4 Qc7 10. Nbxd4 Nxd4 11. Qxd4 Nf6 12. Bf4 Qc5 13. Rfd1 Qxd4 14. Nxd4
Be7 15. Be2 Nd5 16. Bg3 O-O 17. Bf3 Rd8 18. a5 Bf6 19. c3 e5 20. Nb3 Be6 21.
Nc5 Rab8 22. Nd3 Rd7 23. Nxe5 Bxe5 24. Bxe5 Rbd8 25. h3 f6 26. Bd4 Kf7 27. Re1
Nf4 28. Bb6 Re8 29. Rad1 Rxd1 30. Rxd1 Re7 31. Bd8 Rd7 32. Rxd7+ Bxd7 33. Bxb7
Bb5 34. Kh2 Ke6 35. b3 Nd3 36. c4 Be8 37. Bxa6 Nc5 38. Bc8+ Bd7 39. Bxd7+ Kxd7
40. b4 Nd3 41. a6 1-0

[Event "Nordic Youth CC 2020 - U15"]
[Site "Fredericia"]
[Date "2020.02.16"]
[Round "4.16"]
[White "Wernberg, Hugo"]
[Black "Vainikka, Toni"]
[Result "1-0"]
[WhiteElo "2179"]
[BlackElo "1923"]
[PlyCount "141"]
[EventDate "2020.02.??"]
[EventType "swiss"]
[EventRounds "6"]
[EventCountry "DEN"]

1. e4 e5 2. Nf3 Nc6 3. Bc4 Bc5 4. c3 Nf6 5. d3 d6 6. O-O O-O 7. Nbd2 Bg4 8. h3
Bh5 9. a4 a5 10. Re1 Re8 11. Nf1 d5 12. exd5 Nxd5 13. Ng3 Bg6 14. d4 Nb6 15.
Bxf7+ Bxf7 16. dxc5 Qxd1 17. Rxd1 Nxa4 18. Ne4 b6 19. Rd7 Nxc5 20. Nxc5 bxc5
21. Be3 Rac8 22. Bxc5 Be6 23. Rd2 Bb3 24. Re1 Kf7 25. Rde2 Rcd8 26. Nxe5+ Nxe5
27. Rxe5 Rxe5 28. Rxe5 Re8 29. Rf5+ Kg6 30. Rf4 Re1+ 31. Kh2 Re2 32. Ba3 a4 33.
Kg3 c6 34. Rb4 Re6 35. Rb6 h5 36. Bc5 Bd1 37. Rb7 Kh6 38. Be3+ Kh7 39. Rd7 Be2
40. Rd4 Rg6+ 41. Kh2 Bb5 42. Rh4 Rd6 43. Rxh5+ Kg6 44. Rg5+ Kf7 45. Bd4 g6 46.
Rg4 Rd7 47. Rf4+ Kg8 48. Rf6 Kh7 49. Rf8 g5 50. Rh8+ Kg6 51. Rg8+ Kh5 52. Be3
Rd5 53. g4+ Kh6 54. Rxg5 Rxg5 55. h4 Bd3 56. Bxg5+ Kg6 57. Be3 Bc2 58. f4 Bd1
59. Kg3 Be2 60. f5+ Kg7 61. Kf4 Kf6 62. Bd4+ Kf7 63. h5 Kg8 64. h6 Bd3 65. g5
Kh7 66. Ke5 Bc2 67. Be3 Kg8 68. g6 Bb1 69. Kf6 Ba2 70. h7+ Kh8 71. Bh6 1-0

[Event "Nordic Youth CC 2020 - U15"]
[Site "Fredericia"]
[Date "2020.02.16"]
[Round "4.17"]
[White "Nielsen, Jon I Horni"]
[Black "Thorisson, Benedikt"]
[Result "1-0"]
[WhiteElo "1765"]
[BlackElo "1653"]
[PlyCount "99"]
[EventDate "2020.02.??"]
[EventType "swiss"]
[EventRounds "6"]
[EventCountry "DEN"]

1. e4 c5 2. Nf3 e6 3. d4 cxd4 4. Nxd4 a6 5. Bd3 Bc5 6. Nb3 Be7 7. O-O b5 8. Qe2
Nf6 9. Nc3 Bb7 10. Bd2 O-O 11. f4 d6 12. Kh1 Nbd7 13. Rae1 Qc7 14. Rf3 Rfd8 15.
Rh3 Nf8 16. e5 dxe5 17. fxe5 N6d7 18. a4 b4 19. Na2 a5 20. c3 Bd5 21. Nac1 Bc6
22. cxb4 axb4 23. Nd4 Bxa4 24. b3 Bc6 25. Nxc6 Qxc6 26. Be4 Qa6 27. Bxa8 Qxa8
28. Nd3 Qb7 29. Qg4 Ng6 30. Bg5 Bxg5 31. Qxg5 Rc8 32. Nf4 Qe4 33. Nd3 Qd4 34.
Qe3 Qxe3 35. Rhxe3 Rb8 36. Re4 Kf8 37. Rxb4 Rxb4 38. Nxb4 Ngxe5 39. Rc1 Ke7 40.
Nc6+ Kd6 41. Nxe5 Nxe5 42. b4 Nd7 43. b5 Nc5 44. b6 Na6 45. b7 e5 46. Rc8 e4
47. b8=Q+ Nxb8 48. Rxb8 Kd5 49. Kg1 e3 50. Kf1 1-0

[Event "Nordic Youth CC 2020 - U15"]
[Site "Fredericia"]
[Date "2020.02.15"]
[Round "5.13"]
[White "Keso, Elias"]
[Black "Wernberg, Hugo"]
[Result "1/2-1/2"]
[WhiteElo "2177"]
[BlackElo "2179"]
[PlyCount "73"]
[EventDate "2020.02.??"]
[EventType "swiss"]
[EventRounds "6"]
[EventCountry "DEN"]

1. e4 c5 2. Nf3 d6 3. d4 cxd4 4. Nxd4 Nf6 5. Nc3 a6 6. Bc4 Nbd7 7. O-O Qc7 8.
Bb3 Nc5 9. Nd5 Nxd5 10. exd5 g6 11. Re1 h6 12. Bf4 Bg7 13. Qd2 g5 14. Bg3 f5
15. h4 Ne4 16. Qd3 Nxg3 17. fxg3 O-O 18. c3 Bf6 19. h5 Bd7 20. Kh1 Qc8 21. g4
Qe8 22. Nxf5 Bxf5 23. Qxf5 Be5 24. Qe6+ Qf7 25. Rxe5 dxe5 26. Qxh6 Qh7 27.
Qxg5+ Qg7 28. d6+ Kh8 29. Qxg7+ Kxg7 30. dxe7 Rfe8 31. g5 Rxe7 32. Rf1 e4 33.
Rf6 e3 34. h6+ Kh8 35. g6 e2 36. g7+ Kh7 37. Bc2+ 1/2-1/2